Libyen-Quiz - Statistiken

Allgemein
  • Dieses Quiz wurde 933 mal gespielt
  • Das Durchschnittsergebnis liegt bei 14 aus 22
Antwortstatistiken
Frage Antwort % Korrekt
Amtssprache Arabisch
95%
Nachbarland Ägypten
94%
Nachbarland Algerien
93%
Hauptstadt von Libyen Tripolis
92%
Nachbarland Tunesien
92%
Nachbarland Sudan
90%
Nachbarland Tschad
90%
Europäisches Land, das kurz Libyen besetzte Italien
85%
Nachbarland Niger
84%
Diktator von Libyen, 1969–2011 Muammar Gaddafi
73%
Serie von Protesten, die zum Sturz dieses Diktators führte Arabischer Frühling
69%
Bedeutung des Namens der Hauptstadt auf Griechisch Drei Städte
61%
Währung Libyens Libyscher Dinar
54%
Libyen bekommt davon weniger als alle anderen Länder, abgesehen seines Nachbarn im Osten Regen
53%
Was einzig auf der ehemaligen Flagge Libyens vorhanden war, 1977–2011 Grün
51%
Was ist Scirocco? (in Libyen als Gibli bekannt) ein Wind
47%
Zweitgrößte Stadt Bengasi
35%
Flug, der 1988 von Libyen über Lockerbie (Schottland) bombardiert wurde {Pan} {Am} Flug 103
27%
"M" Wort für ein Altstadtsviertel in nordafrikanischen Ländern Medina
23%
Meeresbucht im Norden Libyens Grosse {Syrte}
19%
Ehemaliger Name der Hauptstadt (3 Buchstaben, nur Vokale) Oea
15%
Libyen war Teil dieser historischen, von Piraten heimgesuchten Region Berberei
9%
Keine übereinstimmenden Quizze gefunden
Verteilung der Resultate
Anzahl Personen mit jedem Resultat
Perzentil nach korrekt beantworteten Fragen
Ihre Resultats-Entwicklung
Sie haben dieses Quiz noch nicht gespielt